书目信息 |
| 题名: |
教学设计
|
|
| 作者: | 陈晓慧 主编 | |
| 分册: | ||
| 出版信息: | 北京 电子工业出版社 2005 |
|
| 页数: | 224页 | |
| 开本: | 20cm | |
| 丛书名: | ||
| 单 册: | ||
| 中图分类: | G424.21 , G423 | |
| 科图分类: | ||
| 主题词: | 课堂教学--设计 , 课堂教学 | |
| 电子资源: | ||
| ISBN: | 7-121-01871-3 | |
| 000 | 00750nam0 2200253 450 | |
| 001 | 07079000295 | |
| 005 | 20070721094037.59 | |
| 010 | @a7-121-01871-3@dCNY25.00 | |
| 100 | @a20060606d2005 ekmy0chiy0110 ea | |
| 101 | 0 | @achi |
| 102 | @aCN@b110000 | |
| 105 | @ak z 000yy | |
| 200 | 1 | @a教学设计@Ajiao xue she ji@f陈晓慧主编 |
| 210 | @a北京@c电子工业出版社@d2005 | |
| 215 | @a224页@c表格@d20cm | |
| 330 | @a本书共分三篇,分别介绍了教学设计基础、教学设计的程序与方法、教学设计的应用与发展。 | |
| 510 | 1 | @aInstructional design@zeng |
| 606 | 0 | @a课堂教学@x设计 |
| 606 | 0 | @a课堂教学 |
| 690 | @aG424.21 @v4 | |
| 690 | @aG423@v3 | |
| 701 | 0 | @a陈晓慧@Achen xiao hui@4主编 |
| 801 | 0 | @aCN@bTAOJIN@c20070721 |
| 905 | @a10447@dG423@e174 | |
| 教学设计/陈晓慧主编 .-北京:电子工业出版社,2005 |
| 224页:表格;20cm |
| ISBN 7-121-01871-3:CNY25.00 |
| 本书共分三篇,分别介绍了教学设计基础、教学设计的程序与方法、教学设计的应用与发展。 |
| ● |
| 相关链接 |
|
|
|
|
正题名:教学设计
索取号:G423/174
 
预约/预借
| 序号 | 登录号 | 条形码 | 馆藏地/架位号 | 状态 | 备注 |
| 1 | 0822621 | 208226212 | 第一样本阅览室/ [索取号:G423/174] | 在馆 | |
| 2 | 0822622 | 208226221 | 第四借阅区/ [索取号:G423/174] | 在馆 | |
| 3 | 0822623 | 208226230 | 第四借阅区/ [索取号:G423/174] | 在馆 | |
| 4 | 0822624 | 208226249 | 第四借阅区/ [索取号:G423/174] | 在馆 | |
| 5 | 0822625 | 208226258 | 第四借阅区/ [索取号:G423/174] | 在馆 |